Processing effects on NR aging characteristics (Record no. 65780)

MARC details
000 -LEADER
fixed length control field 00419nam a2200169Ia 4500
100 ## - MAIN ENTRY--AUTHOR NAME
Personal name Shell James
245 #0 - TITLE STATEMENT
Title Processing effects on NR aging characteristics
260 ## - PUBLICATION, DISTRIBUTION, ETC. (IMPRINT)
Name of publisher Rubber World
Year of publication 2004
300 ## - PHYSICAL DESCRIPTION
Number of Pages 21-28
650 ## - SUBJECT ADDED ENTRY--TOPICAL TERM
Topical Term NR aging
650 ## - SUBJECT ADDED ENTRY--TOPICAL TERM
Topical Term Thermo-oxidation
700 ## - ADDED ENTRY--PERSONAL NAME
Personal name Vejins Viktor
700 ## - ADDED ENTRY--PERSONAL NAME
Personal name Wang Ting
700 ## - ADDED ENTRY--PERSONAL NAME
Personal name Wong Yee Ling
942 ## - ADDED ENTRY ELEMENTS (KOHA)
Koha item type Journals
Holdings
Withdrawn status Lost status Damaged status Not for loan Home library Current library Shelving location Date acquired Serial Enumeration / chronology Koha item type
      Journals RRII Library RRII Library Rubber chemistry 17/12/2021 Volume 231, Issue 2 Journals